Summer Olympics Gold Medal Countries Quiz Stats

 Plays Quiz Updated Aug 21, 2016

Challenge
Share
Tweet
Embed
Score 0/108 Timer 06:00
0 Plays Today
Country % Correct
United States
99.5%
China
97%
United Kingdom
96.8%
Russia
94.9%
Russian Empire
94.9%
Unified Team of Germany (1956, 1960, 1964)
94.4%
Germany
94.4%
France
94%
Japan
92.2%
Canada
92.1%
Brazil
90.6%
Spain
89.7%
Australia
89.7%
Mexico
89.6%
Italy
89.1%
Sweden
85.6%
Argentina
84.2%
South Africa
82.6%
Norway
82%
India
81.4%
South Korea
80%
Finland
79.5%
Portugal
79.2%
New Zealand
78%
Greece
77.4%
Soviet Union
76.3%
Poland
75.3%
Jamaica
74.9%
Egypt
74%
Chile
72.8%
Netherlands
72.3%
Denmark
72.1%
Ireland
72%
Austria
71.6%
Switzerland
71%
Kenya
70.5%
Country % Correct
North Korea
69.9%
Turkey
68.4%
Iran
66.9%
Belgium
66.4%
Hungary
66%
Ukraine
65.5%
Cuba
65.4%
Czechia
64.7%
Peru
63.8%
Romania
62.7%
Colombia
60.6%
Pakistan
59.1%
Slovakia
58.6%
East Germany
58.3%
Ethiopia
58%
Serbia
57.6%
Indonesia
55.5%
Lithuania
55.4%
Latvia
55.3%
Israel
55%
Venezuela
55%
Morocco
53.2%
Nigeria
53.1%
Estonia
52.2%
Bulgaria
52%
Belarus
51.9%
Uruguay
51.7%
Croatia
51.4%
West Germany
50.8%
Yugoslavia
50.8%
Slovenia
50.8%
Thailand
50.2%
Vietnam
47.3%
Algeria
46.7%
Ecuador
43.6%
Kazakhstan
43.3%
Country % Correct
Mongolia
42.7%
Panama
42.5%
Czechoslovakia
41.6%
Chinese Taipei
38.3%
Luxembourg
37.8%
Bahamas
36.7%
Dominican Republic
35.5%
Tunisia
35.3%
Georgia
34%
Fiji
33.2%
Costa Rica
33%
Syria
31.5%
Trinidad and Tobago
30.8%
Singapore
29.5%
Jordan
29.3%
Uzbekistan
28.7%
Zimbabwe
28.2%
United Arab Emirates
27.7%
Armenia
27.2%
Azerbaijan
26.6%
Uganda
23.8%
Cameroon
23.7%
Kosovo
22.9%
Tajikistan
22.3%
Côte d'Ivoire
21.4%
Suriname
20.3%
Grenada
17.4%
Mozambique
15.7%
Bahrain
15%
Puerto Rico
12.9%
Hong Kong
12.7%
Serbia and Montenegro
9.6%
Unified team (1992)
8.8%
Burundi
6.1%
Australasia (1908, 1912)
2.7%
Mixed team (1896-1904)
2.7%

You're not logged in!

Compare scores with friends on all Sporcle quizzes.
OR
Log In

You Might Also Like...

Show Comments

Extras

Top Quizzes Today


Score Distribution

Your Account Isn't Verified!

In order to create a playlist on Sporcle, you need to verify the email address you used during registration. Go to your Sporcle Settings to finish the process.

Report this User

Report this user for behavior that violates our Community Guidelines.

Details: